000 00407nam a2200169Ia 4500
008 151018s9999 xx 000 0 und d
082 _bRBASDV2008
_a823
100 _aThomas Edwards
245 _aAn Indian Day
260 _bPenguin Books
_c1938
300 _a276
600 _aThomas Edwards
630 _aAn Indian Day
700 _aThomas Edwards
730 _aAn Indian Day
942 _cBOOK
999 _c1004433
_d1004430